| 000 | 00572nam a22001697a 4500 | ||
|---|---|---|---|
| 003 | NUST | ||
| 038 | _aNusrat Nadeem | ||
| 082 | _a200 | ||
| 100 |
_aKhan, Ziaullah _997228 |
||
| 245 |
_aComparison Of The Deep Learning Methods For The Automatic Classification And Identification Of Algae Plants / _cZiaullah Khan |
||
| 264 |
_aIslamabad : _bSEECS, NUST, _c2022. |
||
| 300 | _a53 p. ; | ||
| 650 |
_aMS-Electrical Engineering _923567 |
||
| 700 |
_aSupervisor: Dr. Wajid Mumtaz _997230 |
||
| 856 | _uhttp://10.250.8.41:8080/xmlui/handle/123456789/29951 | ||
| 942 |
_2ddc _cSC |
||
| 999 |
_c590996 _d590996 |
||